000 00655nam a22001937a 4500
003 JO-AjAnu
005 20240326081510.0
008 240326b jo ||||| |||| 00| 0 ara d
040 _aJO-AjAnu
_cJO-AjAnu
041 0 _aara
050 _aHF5415.123.
_bB35 2016
100 1 _aالبكري،ثامر
_933264
_eمؤلف
245 2 0 _aالاتصالات التسويقية والترويج /
_cتأليف ثامر البكري
250 _aالطبعة الاولى
260 _aعمان :
_bدار الحامد،
_c2006
300 _a343صفحة
650 7 0 _aالتسويق - ادارة المبيعات - الاتصال
_965149
942 _2lcc
_cBK
_n0
999 _c33358
_d33358